000 00620nam a2200229Ia 4500
003 OSt
005 20220924151553.0
006 a|||||r|||| 00| 0
007 ta
008 220923b |||||||| |||| 00| 0 ara d
024 _a338260
037 _cTextual
040 _aARTS
_cARTS
_bara
041 _2ara
_aara
082 _aO28,3FAB,1, N2
100 _aAzdi Mohammad Bin Ahmad Au.
_9224518
245 0 _aHikayat-e-Abul Qasim al-baghdadi
260 _c1992
650 _aARABIC FICTION
_964594
942 _hO28,3FAB,1, N2
_cTEXL
_2CC
999 _c467030
_d467030